[Event "Bastia CC Spring op 35th"]
[Site "Bastia"]
[Date "2009.03.27"]
[Round "?"]
[White "Mattei, Nicolas"]
[Black "Dionisi, Pierre"]
[Result "1-0"]
[WhiteElo "1390"]
[BlackElo "1190"]
[PlyCount "57"]
[EventDate "2009.03.21"]
[EventType "swiss"]
[EventRounds "5"]
[EventCountry "FRA"]
[SourceTitle "EXT 2010"]
[Source "ChessBase"]
[SourceDate "2010.11.25"]
[SourceVersion "1"]
[SourceVersionDate "2010.11.25"]
[SourceQuality "1"]

1. e4 c5 2. c3 Nc6 3. d4 e6 4. Qe2 cxd4 5. cxd4 Nxd4 6. Qd1 e5 7. Nf3 Bc5 8. Nxe5 Qe7 9. Qh5 Nc2+ 10. Ke2 Nxa1 11. Bg5 Qxe5 12. Kd1 Qxb2 13. Bc4 Qd4+ 14. Nd2 g6 15. Qf3 f6 16. e5 d6 17. Bxf6 Bg4 18. Re1 Bxf3+ 19. gxf3 Bb4 20. exd6+ Kd7 21. Bxd4 Bxd2 22. Kxd2 Nf6 23. Bxf6 Rhf8 24. Bxa1 Rxf3 25. Be5 Kc6 26. Be2 Rxf2 27. Rc1+ Kb6 28. Bd4+ Ka5 29. Bxf2 1-0